000 00443nam a2200157Ia 4500
008 220216s9999 xx 000 0 und d
100 _aEllwood Kevin R J
245 0 _aNumerical simulation of thermal oxidation in automotive tires
260 _bRubber Chemistry and Technology
_c2006
300 _a249-266
650 _aAutomotive tires
650 _aThermal oxidation
700 _aBaldwin John
700 _aBauer David R
942 _cJS
999 _c64221
_d64221